Marcas de motocicletas españolas - Estadísticas

Estadísticas generales
  • Esta prueba ha sido intentada 39 veces
  • La puntuación promedio es 3 de 41
Estadísticas de respuestas
Marcas % Correcto
Derbi
79%
Bultaco
45%
Rieju
45%
Gas Gas
41%
Montesa
38%
Moto Vespa
24%
Ossa
21%
JJ Cobas
10%
MH Motorhispania
10%
Mitt
7%
Sherco
7%
Macbor
3%
Sanglas
3%
Torrot
3%
AJR
0%
Alpha
0%
ArianeTech
0%
Avello
0%
Cofersa
0%
Cremsa
0%
Ducson
0%
Elig
0%
Gimson
0%
Huracann
0%
Inmotec
0%
Kobas
0%
Lambretta Locomociones
0%
Lube
0%
Lube
0%
Maquitrans
0%
Mini Marcelino
0%
Motobic
0%
Mototrans
0%
Rav
0%
RMH
0%
ROA
0%
Rovena
0%
Setter
0%
Soriano
0%
Villalbí
0%
Villof
0%
No se encontraron pruebas coincidentes
Distribución de puntuación
Porcentaje de gente con cada puntuación
Porcentaje por número respondido
Historial de tus puntuaciones
No has intentado esta prueba.